000 00929cab a2200253 4500
001 ABS58461
008 090401t1998 xxu||||| |||| 00| 0 eng d
035 _a(Sirsi) u84884
041 _aeng
100 _aTerry, J.
245 _aLandlord`s intention to demolish or reconstruct under the 1954 Act
260 _c1998
350 _a0
490 _aRent Review & Lease Renewal
_v18(1) 1998 13-33(11)
520 _aExamines the background to and the basis for "Sheil v St Helens" 1997 concerning a landlord`s intention to demolish or reconstruct and the fulfillment of the requirements of "Landlord and Tenant Act 1954 s30(l)(f). References.
650 _aGROUNDS FOR OPPOSITION
650 _aINTENTION TO DEVELOP
650 _aLANDLORD AND TENANT ACT 1954
650 _aNEW TENANCIES
650 _aSHEIL V ST HELENS MBC
690 _aLANDLORD AND TENANT-BUSINESS TENANCIES
942 _n0
948 _c13/03/1998
999 _c53385
_d53385